LEADER 01283nam2 22003013i 450 001 MIL0255831 005 20231121125542.0 100 $a20191126d1994 ||||0itac50 ba 101 | $afre 102 $abe 181 1$6z01$ai $bxxxe 182 1$6z01$an 200 1 $a˜L'œAphrodite grecque$econtribution à l'étude de ses cultes et de sa personnalité dans le panthéon archaïque et classique$fpar Vinciane Pirenne-Delforge 210 $aAthènes$aLiège$cCentre international d'étude de la religion grecque antique$d1994 215 $aXII, 527 p.$cill.$d24 cm. 461 1$1001PUV0110478$12001 $aKernos. Supplement$v4 (1994) 606 $aAfrodite$xCulto$2FIR$3RMLC187219$9I 606 $aDivinità greche$xAfrodite$2FIR$3RMLC382286$9I 676 $a292.2114$9RELIGIONE CLASSICA (GRECA E ROMANA). Divinità femminili$v21 700 1$aPirenne Delforge$b, Vinciane$3MILV085278$4070$0474721 801 3$aIT$bIT-01$c20191126 850 $aIT-FR0017 899 $aBiblioteca umanistica Giorgio Aprea$bFR0017 $eN 912 $aMIL0255831 950 2$aBiblioteca umanistica Giorgio Aprea$d 52MAG 2/787$e 52DUP0009035245 VMB A4 $fA $h20191126$i20191126 977 $a 52 996 $aAphrodite grecque$91132694 997 $aUNICAS